[Event "DEM U12 2025"]
[Site "Willingen GER"]
[Date "2025.06.08"]
[Round "2"]
[White "Varazi, Maxime"]
[Black "Aliyev, Amil"]
[Result "1-0"]
[Termination "normal"]
[Board "32"]
[WhiteElo "1775"]
[BlackElo "1664"]
[WhiteClock "00:24:59"]
[BlackClock "00:00:32"]
[PlyCount "73"]
[WhiteFideId "34618929"]
[BlackFideId "34687270"]
[EventCountry "GER"]
[EventRounds "9"]
[EventType "swiss"]
[EventDate "2025.06.07"]

1. e4 {[%clk 01:30:49]} {[%emt 00:00:10]} e6 {[%clk 01:30:57]} {[%emt
00:00:04]} 2. d4 {[%clk 01:30:49]} {[%emt 00:00:30]} d5 {[%clk 01:31:25]}
{[%emt 00:00:03]} 3. Nd2 {[%clk 01:31:03]} {[%emt 00:00:15]} Nf6 {[%clk
01:31:44]} {[%emt 00:00:11]} 4. e5 {[%clk 01:31:16]} {[%emt 00:00:17]} Nfd7
{[%clk 01:32:10]} {[%emt 00:00:04]} 5. Bd3 {[%clk 01:31:26]} {[%emt 00:00:20]}
c5 {[%clk 01:32:23]} {[%emt 00:00:17]} 6. c3 {[%clk 01:31:29]} {[%emt
00:00:27]} Nc6 {[%clk 01:32:36]} {[%emt 00:00:18]} 7. Ne2 {[%clk 01:31:49]}
{[%emt 00:00:09]} Qb6 {[%clk 01:32:22]} {[%emt 00:00:45]} 8. Nf3 {[%clk
01:31:51]} {[%emt 00:00:27]} Be7 {[%clk 01:31:25]} {[%emt 00:01:28]} 9. O-O
{[%clk 01:31:26]} {[%emt 00:00:54]} O-O {[%clk 01:31:33]} {[%emt 00:00:22]} 10.
Bb1 {[%clk 01:27:25]} {[%emt 00:04:32]} cxd4 {[%clk 01:02:50]} {[%emt
00:29:13]} 11. cxd4 {[%clk 01:15:28]} {[%emt 00:12:26]} Re8 {[%clk 00:33:30]}
{[%emt 00:29:50]} 12. Qc2 {[%clk 01:10:24]} {[%emt 00:05:33]} f5 {[%clk
00:27:26]} {[%emt 00:06:35]} 13. a3 {[%clk 01:00:50]} {[%emt 00:10:04]} Qc7
{[%clk 00:26:10]} {[%emt 00:01:45]} 14. b4 {[%clk 00:58:05]} {[%emt 00:03:15]}
b5 {[%clk 00:17:35]} {[%emt 00:09:05]} 15. Nf4 {[%clk 00:56:25]} {[%emt
00:02:07]} Nb6 {[%clk 00:10:52]} {[%emt 00:07:16]} 16. g4 {[%clk 00:52:34]}
{[%emt 00:04:19]} g6 {[%clk 00:06:40]} {[%emt 00:04:43]} 17. gxf5 {[%clk
00:52:13]} {[%emt 00:00:52]} gxf5 {[%clk 00:06:26]} {[%emt 00:00:44]} 18. Kh1
{[%clk 00:52:17]} {[%emt 00:00:23]} Kh8 {[%clk 00:05:15]} {[%emt 00:01:43]} 19.
Qd2 {[%clk 00:46:49]} {[%emt 00:05:58]} Rg8 {[%clk 00:02:39]} {[%emt 00:03:07]}
20. Bd3 {[%clk 00:40:16]} {[%emt 00:07:02]} Nc4 {[%clk 00:01:39]} {[%emt
00:01:30]} 21. Bxc4 {[%clk 00:40:38]} {[%emt 00:00:08]} bxc4 {[%clk 00:02:01]}
{[%emt 00:00:09]} 22. Bb2 {[%clk 00:39:11]} {[%emt 00:01:57]} Bd7 {[%clk
00:01:23]} {[%emt 00:01:07]} 23. Rg1 {[%clk 00:39:30]} {[%emt 00:00:11]} Rxg1+
{[%clk 00:01:04]} {[%emt 00:00:50]} 24. Rxg1 {[%clk 00:39:20]} {[%emt
00:00:45]} Rg8 {[%clk 00:01:01]} {[%emt 00:00:28]} 25. Rxg8+ {[%clk 00:38:59]}
{[%emt 00:00:50]} Kxg8 {[%clk 00:01:25]} {[%emt 00:00:07]} 26. Qe1 {[%clk
00:37:25]} {[%emt 00:02:03]} Qd8 {[%clk 00:00:48]} {[%emt 00:01:08]} 27. Bc3
{[%clk 00:33:37]} {[%emt 00:04:17]} a6 {[%clk 00:00:57]} {[%emt 00:00:22]} 28.
a4 {[%clk 00:31:40]} {[%emt 00:02:27]} Qf8 {[%clk 00:00:43]} {[%emt 00:00:44]}
29. b5 {[%clk 00:30:06]} {[%emt 00:02:04]} axb5 {[%clk 00:01:09]} {[%emt
00:00:03]} 30. axb5 {[%clk 00:30:21]} {[%emt 00:00:15]} Nb4 {[%clk 00:00:36]}
{[%emt 00:01:03]} 31. b6 {[%clk 00:27:13]} {[%emt 00:03:39]} Nc6 {[%clk
00:00:34]} {[%emt 00:00:32]} 32. b7 {[%clk 00:26:45]} {[%emt 00:00:58]} Qb8
{[%clk 00:00:34]} {[%emt 00:00:29]} 33. Nh5 {[%clk 00:25:41]} {[%emt 00:01:35]}
Kh8 {[%clk 00:00:34]} {[%emt 00:00:31]} 34. Qe3 {[%clk 00:24:57]} {[%emt
00:01:12]} Qxb7 {[%clk 00:00:33]} {[%emt 00:00:32]} 35. Qh6 {[%clk 00:25:02]}
{[%emt 00:00:23]} Qb1+ {[%clk 00:00:43]} {[%emt 00:00:21]} 36. Kg2 {[%clk
00:25:15]} {[%emt 00:00:17]} Qb8 {[%clk 00:00:32]} {[%emt 00:00:42]} 37. Qg7#
{[%clk 00:24:59]} {[%emt 00:00:15]} 1-0

[Event "DEM U12 2025"]
[Site "Willingen GER"]
[Date "2025.06.08"]
[Round "2"]
[White "Prashanthakumar, Arnesh"]
[Black "Gusev, Daniil"]
[Result "1/2-1/2"]
[Termination "normal"]
[Board "33"]
[WhiteElo "1564"]
[BlackElo "1890"]
[WhiteClock "00:29:20"]
[BlackClock "00:08:50"]
[PlyCount "81"]
[WhiteFideId "34604073"]
[BlackFideId "55683886"]
[EventCountry "GER"]
[EventRounds "9"]
[EventType "swiss"]
[EventDate "2025.06.07"]

1. e4 {[%clk 01:30:58]} {[%emt 00:00:02]} c5 {[%clk 01:30:57]} {[%emt
00:00:04]} 2. Nf3 {[%clk 01:31:19]} {[%emt 00:00:08]} e6 {[%clk 01:31:24]}
{[%emt 00:00:03]} 3. d4 {[%clk 01:31:45]} {[%emt 00:00:05]} cxd4 {[%clk
01:31:51]} {[%emt 00:00:03]} 4. Nxd4 {[%clk 01:32:06]} {[%emt 00:00:08]} a6
{[%clk 01:32:18]} {[%emt 00:00:04]} 5. c4 {[%clk 01:32:13]} {[%emt 00:00:22]}
Nf6 {[%clk 01:32:30]} {[%emt 00:00:19]} 6. Nc3 {[%clk 01:32:38]} {[%emt
00:00:05]} Qc7 {[%clk 01:32:56]} {[%emt 00:00:03]} 7. Be3 {[%clk 01:32:39]}
{[%emt 00:00:29]} Bb4 {[%clk 01:32:40]} {[%emt 00:00:47]} 8. f3 {[%clk
01:32:06]} {[%emt 00:01:02]} d5 {[%clk 01:31:26]} {[%emt 00:01:45]} 9. Qa4+
{[%clk 01:27:58]} {[%emt 00:04:38]} Nc6 {[%clk 01:28:43]} {[%emt 00:03:13]} 10.
Nxc6 {[%clk 01:27:08]} {[%emt 00:01:20]} Bxc3+ {[%clk 01:28:49]} {[%emt
00:00:24]} 11. bxc3 {[%clk 01:27:19]} {[%emt 00:00:19]} bxc6 {[%clk 01:27:35]}
{[%emt 00:01:44]} 12. cxd5 {[%clk 01:24:44]} {[%emt 00:03:05]} exd5 {[%clk
01:27:18]} {[%emt 00:00:46]} 13. Bd3 {[%clk 01:19:51]} {[%emt 00:05:24]} O-O
{[%clk 01:23:34]} {[%emt 00:04:14]} 14. O-O {[%clk 01:18:21]} {[%emt 00:01:59]}
Bd7 {[%clk 01:21:37]} {[%emt 00:02:27]} 15. Qd4 {[%clk 01:12:44]} {[%emt
00:06:06]} Rfe8 {[%clk 01:08:15]} {[%emt 00:13:53]} 16. Rab1 {[%clk 01:09:03]}
{[%emt 00:04:11]} Be6 {[%clk 01:05:34]} {[%emt 00:03:13]} 17. e5 {[%clk
01:05:51]} {[%emt 00:03:41]} Nd7 {[%clk 01:04:58]} {[%emt 00:01:05]} 18. f4
{[%clk 01:06:12]} {[%emt 00:00:10]} c5 {[%clk 00:58:16]} {[%emt 00:07:12]} 19.
Qa4 {[%clk 01:06:25]} {[%emt 00:00:16]} f6 {[%clk 00:56:14]} {[%emt 00:02:32]}
20. Qc2 {[%clk 01:00:56]} {[%emt 00:05:59]} fxe5 {[%clk 00:43:22]} {[%emt
00:13:22]} 21. Bxh7+ {[%clk 01:00:11]} {[%emt 00:01:14]} Kh8 {[%clk 00:43:17]}
{[%emt 00:00:36]} 22. Bg6 {[%clk 00:55:48]} {[%emt 00:04:53]} Rf8 {[%clk
00:40:52]} {[%emt 00:02:54]} 23. Qe2 {[%clk 00:54:44]} {[%emt 00:01:33]} Nf6
{[%clk 00:40:15]} {[%emt 00:01:08]} 24. f5 {[%clk 00:53:47]} {[%emt 00:01:27]}
Bf7 {[%clk 00:39:42]} {[%emt 00:01:03]} 25. Bg5 {[%clk 00:52:41]} {[%emt
00:01:36]} Bxg6 {[%clk 00:39:17]} {[%emt 00:00:55]} 26. fxg6 {[%clk 00:52:52]}
{[%emt 00:00:19]} d4 {[%clk 00:35:31]} {[%emt 00:04:17]} 27. Bxf6 {[%clk
00:51:28]} {[%emt 00:01:54]} gxf6 {[%clk 00:35:55]} {[%emt 00:00:06]} 28. Qh5+
{[%clk 00:51:48]} {[%emt 00:00:09]} Kg8 {[%clk 00:36:16]} {[%emt 00:00:09]} 29.
Rb6 {[%clk 00:50:51]} {[%emt 00:01:29]} Qg7 {[%clk 00:36:18]} {[%emt 00:00:27]}
30. Rfb1 {[%clk 00:49:20]} {[%emt 00:02:00]} Ra7 {[%clk 00:35:47]} {[%emt
00:01:02]} 31. Qf5 {[%clk 00:46:57]} {[%emt 00:02:52]} Re7 {[%clk 00:34:50]}
{[%emt 00:01:28]} 32. cxd4 {[%clk 00:38:16]} {[%emt 00:09:10]} cxd4 {[%clk
00:35:11]} {[%emt 00:00:09]} 33. Re6 {[%clk 00:38:02]} {[%emt 00:00:45]} Rb7
{[%clk 00:19:39]} {[%emt 00:16:01]} 34. Reb6 {[%clk 00:36:16]} {[%emt
00:02:17]} Rxb6 {[%clk 00:13:41]} {[%emt 00:06:28]} 35. Rxb6 {[%clk 00:36:34]}
{[%emt 00:00:11]} Qc7 {[%clk 00:08:26]} {[%emt 00:05:45]} 36. Qe6+ {[%clk
00:31:16]} {[%emt 00:05:47]} Kg7 {[%clk 00:08:53]} {[%emt 00:00:05]} 37. Rc6
{[%clk 00:31:11]} {[%emt 00:00:34]} Qb7 {[%clk 00:09:11]} {[%emt 00:00:12]} 38.
Rb6 {[%clk 00:28:35]} {[%emt 00:03:07]} Qc7 {[%emt 00:00:24]} 39. Rc6 {[%clk
00:28:36]} {[%emt 00:00:17]} Qb7 {[%clk 00:09:45]} {[%emt 00:00:14]} 40. Rb6
{[%clk 00:29:01]} {[%emt 00:00:05]} Qc7 {[%clk 00:08:50]} {[%emt 00:01:24]} 41.
Rc6 {[%clk 00:29:20]} {[%emt 00:00:12]} 1/2-1/2

[Event "DEM U12 2025"]
[Site "Willingen GER"]
[Date "2025.06.11"]
[Round "5"]
[White "Nezhyvenko, Mykhaylo"]
[Black "Belin, Anton"]
[Result "1/2-1/2"]
[Termination "normal"]
[Board "1"]
[WhiteElo "2165"]
[BlackElo "2061"]
[WhiteClock "01:05:43"]
[BlackClock "00:31:58"]
[PlyCount "56"]
[WhiteFideId "34139885"]
[BlackFideId "34610952"]
[EventCountry "GER"]
[EventRounds "9"]
[EventType "swiss"]
[EventDate "2025.06.07"]

1. e4 {[%clk 01:30:51]} {[%emt 00:00:08]} c5 {[%clk 01:30:40]} {[%emt
00:00:20]} 2. Nf3 {[%clk 01:31:14]} {[%emt 00:00:07]} d6 {[%clk 01:30:57]}
{[%emt 00:00:14]} 3. Bb5+ {[%clk 01:31:41]} {[%emt 00:00:02]} Nc6 {[%clk
01:31:09]} {[%emt 00:00:18]} 4. O-O {[%clk 01:28:34]} {[%emt 00:03:37]} Bd7
{[%clk 01:30:50]} {[%emt 00:00:49]} 5. Re1 {[%clk 01:27:45]} {[%emt 00:01:19]}
Nf6 {[%clk 01:29:16]} {[%emt 00:02:04]} 6. c3 {[%clk 01:26:14]} {[%emt
00:02:01]} a6 {[%clk 01:27:33]} {[%emt 00:02:13]} 7. Bf1 {[%clk 01:26:27]}
{[%emt 00:00:17]} Bg4 {[%clk 01:26:50]} {[%emt 00:01:12]} 8. h3 {[%clk
01:26:20]} {[%emt 00:00:38]} Bxf3 {[%clk 01:25:40]} {[%emt 00:01:40]} 9. Qxf3
{[%clk 01:25:16]} {[%emt 00:01:35]} g6 {[%clk 01:23:57]} {[%emt 00:02:13]} 10.
Qd1 {[%clk 01:23:51]} {[%emt 00:01:54]} Bh6 {[%clk 01:22:55]} {[%emt 00:01:31]}
11. d3 {[%clk 01:23:16]} {[%emt 00:01:06]} Bxc1 {[%clk 01:20:53]} {[%emt
00:02:32]} 12. Qxc1 {[%clk 01:23:44]} {[%emt 00:00:03]} O-O {[%clk 01:18:45]}
{[%emt 00:02:37]} 13. Nd2 {[%clk 01:20:15]} {[%emt 00:03:59]} Kg7 {[%clk
01:15:38]} {[%emt 00:03:38]} 14. Nf3 {[%clk 01:18:38]} {[%emt 00:02:06]} e5
{[%clk 01:12:48]} {[%emt 00:03:20]} 15. Qd2 {[%clk 01:17:34]} {[%emt 00:01:33]}
Re8 {[%clk 01:10:47]} {[%emt 00:02:32]} 16. Rad1 {[%clk 01:17:22]} {[%emt
00:00:43]} Qa5 {[%clk 01:08:43]} {[%emt 00:02:34]} 17. a3 {[%clk 01:16:18]}
{[%emt 00:01:34]} Rad8 {[%clk 01:06:36]} {[%emt 00:02:36]} 18. Nh4 {[%clk
01:16:04]} {[%emt 00:00:44]} h6 {[%clk 01:02:02]} {[%emt 00:05:03]} 19. Re3
{[%clk 01:15:47]} {[%emt 00:00:48]} Ne7 {[%clk 00:56:02]} {[%emt 00:06:31]} 20.
Be2 {[%clk 01:14:05]} {[%emt 00:02:11]} d5 {[%clk 00:52:23]} {[%emt 00:04:08]}
21. exd5 {[%clk 01:14:11]} {[%emt 00:00:25]} Nexd5 {[%clk 00:51:22]} {[%emt
00:01:31]} 22. Rg3 {[%clk 01:13:51]} {[%emt 00:00:50]} Nf4 {[%clk 00:50:05]}
{[%emt 00:01:47]} 23. Qc2 {[%clk 01:11:08]} {[%emt 00:03:13]} Nxe2+ {[%clk
00:36:44]} {[%emt 00:13:51]} 24. Qxe2 {[%clk 01:11:37]} {[%emt 00:00:01]} Qa4
{[%clk 00:36:33]} {[%emt 00:00:41]} 25. Nf5+ {[%clk 01:07:42]} {[%emt
00:04:24]} Kh7 {[%clk 00:36:21]} {[%emt 00:00:43]} 26. Ne3 {[%clk 01:07:52]}
{[%emt 00:00:19]} Nh5 {[%clk 00:35:38]} {[%emt 00:01:13]} 27. Rf3 {[%clk
01:05:46]} {[%emt 00:02:37]} Nf4 {[%clk 00:35:28]} {[%emt 00:00:40]} 28. Qf1
{[%clk 01:05:43]} {[%emt 00:00:34]} f5 {[%clk 00:31:58]} {[%emt 00:03:59]}
1/2-1/2

[Event "DEM U12 2025"]
[Site "Willingen GER"]
[Date "2025.06.11"]
[Round "5"]
[White "Peglau, Paul David"]
[Black "Sheng, Ming"]
[Result "1/2-1/2"]
[Termination "normal"]
[Board "2"]
[WhiteElo "1959"]
[BlackElo "2038"]
[WhiteClock "00:06:33"]
[BlackClock "00:00:58"]
[PlyCount "90"]
[WhiteFideId "16290550"]
[BlackFideId "34605258"]
[EventCountry "GER"]
[EventRounds "9"]
[EventType "swiss"]
[EventDate "2025.06.07"]

1. Nf3 {[%clk 01:30:52]} {[%emt 00:00:08]} d5 {[%clk 01:30:53]} {[%emt
00:00:06]} 2. e3 {[%clk 01:29:56]} {[%emt 00:01:26]} Nf6 {[%clk 01:31:00]}
{[%emt 00:00:22]} 3. b3 {[%clk 01:29:30]} {[%emt 00:00:58]} e6 {[%clk
01:30:57]} {[%emt 00:00:33]} 4. Bb2 {[%clk 01:29:44]} {[%emt 00:00:16]} Be7
{[%clk 01:30:20]} {[%emt 00:01:05]} 5. c4 {[%clk 01:29:49]} {[%emt 00:00:27]}
O-O {[%clk 01:30:18]} {[%emt 00:00:32]} 6. Be2 {[%clk 01:27:28]} {[%emt
00:02:51]} dxc4 {[%clk 01:30:21]} {[%emt 00:00:27]} 7. bxc4 {[%clk 01:27:49]}
{[%emt 00:00:09]} c5 {[%clk 01:30:42]} {[%emt 00:00:09]} 8. O-O {[%clk
01:26:52]} {[%emt 00:01:28]} Nc6 {[%clk 01:30:25]} {[%emt 00:00:46]} 9. d4
{[%clk 01:25:29]} {[%emt 00:01:54]} cxd4 {[%clk 01:28:00]} {[%emt 00:02:55]}
10. exd4 {[%clk 01:25:48]} {[%emt 00:00:11]} b6 {[%clk 01:27:53]} {[%emt
00:00:35]} 11. Qa4 {[%clk 01:13:21]} {[%emt 00:12:58]} Bd7 {[%clk 01:17:49]}
{[%emt 00:10:34]} 12. Qc2 {[%clk 01:07:48]} {[%emt 00:06:03]} Rc8 {[%clk
01:17:30]} {[%emt 00:00:49]} 13. Rd1 {[%clk 01:07:13]} {[%emt 00:01:05]} Na5
{[%clk 01:10:34]} {[%emt 00:07:26]} 14. Ne5 {[%clk 00:59:18]} {[%emt 00:08:25]}
Nxc4 {[%clk 01:03:07]} {[%emt 00:07:57]} 15. Nxc4 {[%clk 00:57:36]} {[%emt
00:02:13]} b5 {[%clk 01:03:21]} {[%emt 00:00:16]} 16. Nbd2 {[%clk 00:56:33]}
{[%emt 00:01:32]} bxc4 {[%clk 01:01:48]} {[%emt 00:02:03]} 17. Nxc4 {[%clk
00:55:50]} {[%emt 00:01:14]} Bc6 {[%clk 00:49:49]} {[%emt 00:12:27]} 18. Rac1
{[%clk 00:54:37]} {[%emt 00:01:45]} Nd5 {[%clk 00:31:50]} {[%emt 00:18:28]} 19.
Ne5 {[%clk 00:50:25]} {[%emt 00:04:43]} Nf4 {[%clk 00:28:29]} {[%emt 00:03:50]}
20. Nxc6 {[%clk 00:34:16]} {[%emt 00:16:41]} Rxc6 {[%clk 00:28:46]} {[%emt
00:00:13]} 21. Qxc6 {[%clk 00:25:43]} {[%emt 00:09:04]} Nxe2+ {[%clk 00:29:08]}
{[%emt 00:00:08]} 22. Kh1 {[%clk 00:23:44]} {[%emt 00:02:28]} Nxc1 {[%clk
00:29:27]} {[%emt 00:00:11]} 23. Bxc1 {[%clk 00:22:24]} {[%emt 00:01:51]} Qa5
{[%clk 00:27:21]} {[%emt 00:02:35]} 24. Qc4 {[%clk 00:20:28]} {[%emt 00:02:27]}
Rd8 {[%clk 00:23:41]} {[%emt 00:04:09]} 25. Be3 {[%clk 00:19:37]} {[%emt
00:01:18]} h5 {[%clk 00:22:13]} {[%emt 00:02:01]} 26. h3 {[%clk 00:16:54]}
{[%emt 00:03:13]} Bf6 {[%clk 00:21:40]} {[%emt 00:01:02]} 27. Rc1 {[%clk
00:15:04]} {[%emt 00:02:22]} g6 {[%clk 00:18:36]} {[%emt 00:03:34]} 28. Kg1
{[%clk 00:13:01]} {[%emt 00:02:32]} Qa3 {[%clk 00:13:02]} {[%emt 00:06:03]} 29.
Rc2 {[%clk 00:11:29]} {[%emt 00:02:03]} Qd6 {[%clk 00:13:08]} {[%emt 00:00:23]}
30. Rd2 {[%clk 00:10:25]} {[%emt 00:01:35]} Rb8 {[%clk 00:11:32]} {[%emt
00:02:05]} 31. g3 {[%clk 00:09:49]} {[%emt 00:01:07]} Rb1+ {[%clk 00:09:48]}
{[%emt 00:02:13]} 32. Kg2 {[%clk 00:10:12]} {[%emt 00:00:08]} h4 {[%clk
00:08:38]} {[%emt 00:01:40]} 33. d5 {[%clk 00:10:06]} {[%emt 00:00:36]} exd5
{[%clk 00:07:10]} {[%emt 00:01:57]} 34. Qxd5 {[%clk 00:10:17]} {[%emt
00:00:20]} Qxd5+ {[%clk 00:03:10]} {[%emt 00:04:30]} 35. Rxd5 {[%clk 00:10:46]}
{[%emt 00:00:01]} hxg3 {[%clk 00:03:23]} {[%emt 00:00:16]} 36. Kxg3 {[%clk
00:10:35]} {[%emt 00:00:41]} Rb4 {[%emt 00:02:33]} 37. Ra5 {[%clk 00:10:18]}
Bd4 {[%clk 00:01:23]} {[%emt 00:01:15]} 38. Bxd4 {[%clk 00:10:31]} {[%emt
00:00:17]} Rxd4 {[%clk 00:01:52]} 39. Rxa7 {[%clk 00:10:59]} {[%emt 00:00:01]}
Rd2 {[%clk 00:01:41]} {[%emt 00:00:41]} 40. a4 {[%clk 00:11:10]} {[%emt
00:00:19]} Ra2 {[%clk 00:02:01]} {[%emt 00:00:08]} 41. h4 {[%clk 00:09:57]}
{[%emt 00:01:46]} Kg7 {[%clk 00:02:11]} {[%emt 00:00:19]} 42. a5 {[%clk
00:07:59]} {[%emt 00:02:29]} Ra4 {[%clk 00:02:05]} {[%emt 00:00:35]} 43. a6
{[%clk 00:08:01]} {[%emt 00:00:29]} Kf6 {[%clk 00:01:50]} {[%emt 00:00:44]} 44.
Ra8 {[%clk 00:07:11]} {[%emt 00:01:20]} Kg7 {[%clk 00:01:54]} {[%emt 00:00:26]}
45. f3 {[%clk 00:06:33]} {[%emt 00:01:07]} Kf6 {[%clk 00:00:58]} {[%emt
00:01:26]} 46. a7 {[%clk 00:01:57]} {[%emt 00:05:07]} Kg7 {[%clk 00:30:02]}
{[%emt 00:01:25]} 47. Kf2 {[%clk 00:31:22]} {[%emt 00:01:06]} Ra3 {[%clk
00:30:02]} {[%emt 00:00:31]} 48. Kg2 {[%clk 00:31:24]} {[%emt 00:00:28]} Ra2+
{[%clk 00:30:06]} {[%emt 00:00:26]} 49. Kh3 {[%clk 00:31:47]} {[%emt 00:00:06]}
Ra3 {[%clk 00:29:55]} {[%emt 00:00:41]} 50. Kg4 {[%clk 00:31:49]} {[%emt
00:00:26]} Ra4+ {[%clk 00:30:08]} {[%emt 00:00:19]} 51. f4 {[%clk 00:31:30]}
{[%emt 00:00:50]} Ra3 {[%clk 00:30:23]} {[%emt 00:00:14]} 52. f5 {[%clk
00:30:35]} {[%emt 00:01:25]} Ra4+ {[%clk 00:30:11]} {[%emt 00:00:42]} 53. Kg3
{[%clk 00:30:58]} {[%emt 00:00:06]} gxf5 {[%clk 00:30:36]} {[%emt 00:00:05]}
54. h5 {[%clk 00:31:20]} {[%emt 00:00:09]} Kh7 {[%clk 00:30:23]} {[%emt
00:00:42]} 55. Kf3 {[%clk 00:31:37]} {[%emt 00:00:13]} Kg7 {[%clk 00:30:36]}
{[%emt 00:00:17]} 56. h6+ {[%clk 00:31:52]} {[%emt 00:00:15]} Kh7 {[%clk
00:31:02]} {[%emt 00:00:04]} 57. Kg3 {[%clk 00:32:06]} {[%emt 00:00:16]} Rg4+
{[%clk 00:31:01]} {[%emt 00:00:32]} 58. Kf3 {[%clk 00:32:30]} {[%emt 00:00:06]}
Ra4 {[%clk 00:31:27]} {[%emt 00:00:03]} 59. Kf2 {[%clk 00:32:49]} {[%emt
00:00:08]} Ra3 {[%clk 00:31:51]} {[%emt 00:00:09]} 60. Ke2 {[%clk 00:32:55]}
{[%emt 00:00:24]} 1/2-1/2

[Event "DEM U12 2025"]
[Site "Willingen GER"]
[Date "2025.06.11"]
[Round "5"]
[White "Shen, Tingrui"]
[Black "Gersemann, Karl"]
[Result "1/2-1/2"]
[Termination "normal"]
[Board "3"]
[WhiteElo "2101"]
[BlackElo "1982"]
[WhiteClock "00:07:33"]
[BlackClock "00:42:07"]
[PlyCount "79"]
[WhiteFideId "34603441"]
[BlackFideId "34602186"]
[EventCountry "GER"]
[EventRounds "9"]
[EventType "swiss"]
[EventDate "2025.06.07"]

1. Nf3 {[%clk 01:30:52]} {[%emt 00:00:07]} Nf6 {[%clk 01:30:36]} {[%emt
00:00:23]} 2. b3 {[%clk 01:30:37]} {[%emt 00:00:47]} g6 {[%clk 01:30:35]}
{[%emt 00:00:30]} 3. Bb2 {[%clk 01:30:48]} {[%emt 00:00:19]} Bg7 {[%clk
01:30:51]} {[%emt 00:00:11]} 4. d4 {[%clk 01:30:54]} {[%emt 00:00:27]} d6
{[%clk 01:30:45]} {[%emt 00:00:35]} 5. Nbd2 {[%clk 01:31:15]} {[%emt 00:00:10]}
O-O {[%clk 01:29:58]} {[%emt 00:01:16]} 6. e4 {[%clk 01:28:36]} {[%emt
00:03:10]} e5 {[%clk 01:18:33]} {[%emt 00:11:54]} 7. dxe5 {[%clk 01:16:40]}
{[%emt 00:12:28]} Ng4 {[%clk 01:17:44]} {[%emt 00:01:18]} 8. h3 {[%clk
01:14:43]} {[%emt 00:02:28]} Nxe5 {[%clk 01:17:54]} {[%emt 00:00:19]} 9. Nxe5
{[%clk 01:14:46]} {[%emt 00:00:28]} Bxe5 {[%clk 01:14:32]} {[%emt 00:03:51]}
10. Bxe5 {[%clk 01:13:48]} {[%emt 00:01:29]} dxe5 {[%clk 01:13:46]} {[%emt
00:01:16]} 11. Bc4 {[%clk 01:12:18]} {[%emt 00:02:01]} Nc6 {[%clk 01:13:42]}
{[%emt 00:00:31]} 12. O-O {[%clk 01:11:17]} {[%emt 00:01:33]} Qe7 {[%clk
01:12:17]} {[%emt 00:01:55]} 13. Nf3 {[%clk 00:56:20]} {[%emt 00:15:29]} Rd8
{[%clk 01:11:04]} {[%emt 00:01:41]} 14. Qe2 {[%clk 00:54:45]} {[%emt 00:02:06]}
Nd4 {[%clk 01:09:13]} {[%emt 00:02:20]} 15. Nxd4 {[%clk 00:54:51]} {[%emt
00:00:26]} Rxd4 {[%clk 01:09:36]} {[%emt 00:00:06]} 16. c3 {[%clk 00:54:15]}
{[%emt 00:01:07]} Rd8 {[%clk 01:09:43]} {[%emt 00:00:21]} 17. Qe3 {[%clk
00:51:59]} {[%emt 00:02:49]} Be6 {[%clk 01:09:17]} {[%emt 00:00:55]} 18. Be2
{[%clk 00:52:01]} {[%emt 00:00:28]} b6 {[%clk 01:08:24]} {[%emt 00:01:22]} 19.
Kh2 {[%clk 00:45:10]} {[%emt 00:07:22]} c6 {[%clk 01:06:47]} {[%emt 00:02:07]}
20. g3 {[%clk 00:40:08]} {[%emt 00:05:32]} Rd7 {[%clk 01:00:46]} {[%emt
00:06:31]} 21. h4 {[%clk 00:30:19]} {[%emt 00:10:19]} h5 {[%clk 00:55:48]}
{[%emt 00:05:27]} 22. Rfd1 {[%clk 00:23:16]} {[%emt 00:07:34]} Rxd1 {[%clk
00:54:52]} {[%emt 00:01:26]} 23. Rxd1 {[%clk 00:23:10]} {[%emt 00:00:36]} Rd8
{[%clk 00:54:55]} {[%emt 00:00:27]} 24. Rd2 {[%clk 00:20:31]} {[%emt 00:03:12]}
Kh7 {[%clk 00:54:30]} {[%emt 00:00:54]} 25. Kg2 {[%clk 00:19:39]} {[%emt
00:01:23]} Kg7 {[%clk 00:54:10]} {[%emt 00:00:48]} 26. b4 {[%clk 00:19:13]}
{[%emt 00:00:58]} Rxd2 {[%clk 00:53:30]} {[%emt 00:01:09]} 27. Qxd2 {[%clk
00:19:31]} {[%emt 00:00:11]} Qd7 {[%clk 00:53:42]} {[%emt 00:00:19]} 28. Qxd7
{[%clk 00:18:19]} Bxd7 {[%clk 00:54:01]} {[%emt 00:01:53]} 29. Bc4 {[%clk
00:18:38]} {[%emt 00:00:12]} Kf6 {[%clk 00:53:39]} {[%emt 00:00:51]} 30. a3
{[%clk 00:18:17]} {[%emt 00:00:52]} Be6 {[%clk 00:53:44]} {[%emt 00:00:24]} 31.
Bd3 {[%clk 00:18:06]} {[%emt 00:00:41]} Ke7 {[%clk 00:52:58]} {[%emt 00:01:15]}
32. Kf3 {[%clk 00:18:20]} {[%emt 00:00:17]} c5 {[%clk 00:53:16]} {[%emt
00:00:12]} 33. Ke3 {[%clk 00:15:51]} {[%emt 00:02:59]} c4 {[%clk 00:53:17]}
{[%emt 00:00:29]} 34. Bc2 {[%clk 00:16:01]} {[%emt 00:00:21]} b5 {[%clk
00:53:16]} {[%emt 00:00:31]} 35. Bd1 {[%clk 00:15:45]} {[%emt 00:00:45]} f6
{[%clk 00:47:27]} {[%emt 00:06:18]} 36. f4 {[%clk 00:14:52]} {[%emt 00:01:23]}
Bg4 {[%clk 00:44:31]} {[%emt 00:03:26]} 37. Bf3 {[%clk 00:11:19]} {[%emt
00:04:03]} Kf7 {[%clk 00:43:14]} {[%emt 00:01:30]} 38. Bg2 {[%clk 00:09:31]}
{[%emt 00:02:36]} g5 {[%clk 00:41:47]} {[%emt 00:01:56]} 39. fxe5 {[%clk
00:07:50]} {[%emt 00:02:11]} fxe5 {[%clk 00:42:07]} {[%emt 00:00:09]} 40. Bf1
{[%clk 00:07:33]} {[%emt 00:00:49]} 1/2-1/2